000 00277nam a2200109Ia 4500
008 231129s9999||||xx |||||||||||||| ||spa||
082 _a690.22 G643p
100 _aGonzalez Gerardo
245 0 _aPrevencion de accidentes en la construccion
264 _aCeac
942 _2ddc
_cBKS
999 _c23168
_d23168